<?xml version="1.0" encoding="UTF-8"?>
<record
    xmlns:xsi="http://www.w3.org/2001/XMLSchema-instance"
    xsi:schemaLocation="http://www.loc.gov/MARC21/slim http://www.loc.gov/standards/marcxml/schema/MARC21slim.xsd"
    xmlns="http://www.loc.gov/MARC21/slim">

  <leader>01007na  a2200289   4500</leader>
  <controlfield tag="001">12574</controlfield>
  <controlfield tag="003">MIRAKIL</controlfield>
  <controlfield tag="005">20181213154731.0</controlfield>
  <controlfield tag="008">160809b        tu            000 0      </controlfield>
  <datafield tag="020" ind1=" " ind2=" ">
    <subfield code="a">9758295365</subfield>
  </datafield>
  <datafield tag="035" ind1=" " ind2=" ">
    <subfield code="a">12574</subfield>
  </datafield>
  <datafield tag="040" ind1=" " ind2=" ">
    <subfield code="a">Milas</subfield>
    <subfield code="b">tur</subfield>
    <subfield code="c">TR-AnCHP</subfield>
  </datafield>
  <datafield tag="082" ind1=" " ind2=" ">
    <subfield code="a">109</subfield>
    <subfield code="b">T55d 2000</subfield>
  </datafield>
  <datafield tag="090" ind1=" " ind2=" ">
    <subfield code="a">109 T55d 2000</subfield>
  </datafield>
  <datafield tag="100" ind1=" " ind2=" ">
    <subfield code="a">Timu&#xE7;in, Af&#x15F;ar</subfield>
  </datafield>
  <datafield tag="245" ind1=" " ind2=" ">
    <subfield code="a">D&#xFC;&#x15F;&#xFC;nce tarihi</subfield>
    <subfield code="c">Af&#x15F;ar Timu&#xE7;in</subfield>
  </datafield>
  <datafield tag="246" ind1=" " ind2=" ">
    <subfield code="a">Ger&#xE7;ek&#xE7;i d&#xFC;&#x15F;&#xFC;ncenin &#xE7;a&#x11F;da&#x15F; g&#xF6;r&#xFC;n&#xFC;m&#xFC; (XIX. ve XX. y&#xFC;zy&#x131;llar)</subfield>
  </datafield>
  <datafield tag="246" ind1=" " ind2=" ">
    <subfield code="a">Ger&#xE7;ek&#xE7;i d&#xFC;&#x15F;&#xFC;ncenin geli&#x15F;imi (r&#xF6;nesans'dan XIX. y&#xFC;zy&#x131;la)</subfield>
  </datafield>
  <datafield tag="246" ind1=" " ind2=" ">
    <subfield code="a">Ger&#xE7;ek&#xE7;i d&#xFC;&#x15F;&#xFC;ncenin tarihi  (tarih&#xF6;ncesi'nden r&#xF6;nesans'a)</subfield>
  </datafield>
  <datafield tag="250" ind1=" " ind2=" ">
    <subfield code="a">gn&#x15F;l. 3. bs.</subfield>
  </datafield>
  <datafield tag="260" ind1=" " ind2=" ">
    <subfield code="a">&#x130;stanbul</subfield>
    <subfield code="b">Bulut yay&#x131;nlar&#x131;</subfield>
    <subfield code="c">2000</subfield>
  </datafield>
  <datafield tag="300" ind1=" " ind2=" ">
    <subfield code="a">3 c.</subfield>
    <subfield code="c">21 sm.</subfield>
  </datafield>
  <datafield tag="500" ind1=" " ind2=" ">
    <subfield code="a">Dizin var.</subfield>
  </datafield>
  <datafield tag="505" ind1=" " ind2=" ">
    <subfield code="a">c.1: Ger&#xE7;ek&#xE7;i d&#xFC;&#x15F;&#xFC;ncenin kaynaklar&#x131;. --  c.2 :Ger&#xE7;ek&#xE7;i d&#xFC;&#x15F;&#xFC;ncenin geli&#x15F;imi --  c.3: Ger&#xE7;ek&#xE7;i d&#xFC;&#x15F;&#xFC;ncenin &#xE7;a&#x11F;da&#x15F; g&#xF6;r&#xFC;n&#xFC;m&#xFC;.</subfield>
  </datafield>
  <datafield tag="650" ind1=" " ind2=" ">
    <subfield code="a">Felsefe</subfield>
    <subfield code="x">Tarih</subfield>
  </datafield>
  <datafield tag="942" ind1=" " ind2=" ">
    <subfield code="2">dcc</subfield>
    <subfield code="c">BKS</subfield>
  </datafield>
  <datafield tag="952" ind1=" " ind2=" ">
    <subfield code="a">0001</subfield>
    <subfield code="b">0001</subfield>
    <subfield code="d">2016-07-26</subfield>
    <subfield code="e">2</subfield>
    <subfield code="l">0</subfield>
    <subfield code="o">109 T55d 2000</subfield>
    <subfield code="p">000113</subfield>
    <subfield code="r">2016-07-26 00:00:00</subfield>
    <subfield code="v">0.00</subfield>
    <subfield code="w">2016-07-26</subfield>
    <subfield code="y">BKS</subfield>
  </datafield>
  <datafield tag="952" ind1=" " ind2=" ">
    <subfield code="a">0001</subfield>
    <subfield code="b">0001</subfield>
    <subfield code="d">2016-08-09</subfield>
    <subfield code="e">2</subfield>
    <subfield code="l">0</subfield>
    <subfield code="o">109 T55d 2000</subfield>
    <subfield code="p">000114</subfield>
    <subfield code="r">2016-08-09 00:00:00</subfield>
    <subfield code="v">0.00</subfield>
    <subfield code="w">2016-08-09</subfield>
    <subfield code="y">BKS</subfield>
  </datafield>
  <datafield tag="952" ind1=" " ind2=" ">
    <subfield code="a">0001</subfield>
    <subfield code="b">0001</subfield>
    <subfield code="d">2016-08-09</subfield>
    <subfield code="e">2</subfield>
    <subfield code="h">c.2</subfield>
    <subfield code="l">0</subfield>
    <subfield code="o">109 T55d 2000</subfield>
    <subfield code="p">000115</subfield>
    <subfield code="r">2016-08-09 00:00:00</subfield>
    <subfield code="v">0.00</subfield>
    <subfield code="w">2016-08-09</subfield>
    <subfield code="y">BKS</subfield>
  </datafield>
  <datafield tag="999" ind1=" " ind2=" ">
    <subfield code="c">51</subfield>
    <subfield code="d">51</subfield>
  </datafield>
</record>
